Rightmove house price index (Record no. 107407)
[ view plain ]
| 000 -LEADER | |
|---|---|
| fixed length control field | 01313cad a22002295a 4500 |
| 001 - CONTROL NUMBER | |
| control field | L140033 |
| 008 - FIXED-LENGTH DATA ELEMENTS--GENERAL INFORMATION | |
| fixed length control field | 070830e20070723 d f s 000 0 eng u |
| 035 ## - SYSTEM CONTROL NUMBER | |
| System control number | (Sirsi) u140033 |
| 041 0# - LANGUAGE CODE | |
| Language code of text/sound track or separate title | eng |
| 050 ## - LIBRARY OF CONGRESS CALL NUMBER | |
| Classification number | 333.33 $2 18 |
| 110 2# - MAIN ENTRY--CORPORATE NAME | |
| Corporate name or jurisdiction name as entry element | Rightmove |
| 245 00 - TITLE STATEMENT | |
| Title | Rightmove house price index |
| Remainder of title | July 2007 |
| Medium | [electronic resource] |
| 260 ## - PUBLICATION, DISTRIBUTION, ETC. | |
| Place of publication, distribution, etc. | London |
| Name of publisher, distributor, etc. | Rightmove |
| Date of publication, distribution, etc. | 2007 |
| 490 00 - SERIES STATEMENT | |
| Series statement | Rightmove House Price Index |
| Volume/sequential designation | July 2007 |
| 520 ## - SUMMARY, ETC. | |
| Summary, etc. | Shows that the national average asking price has risen by just 0.3%, the lowest monthly rise this year. The annual increase rate has fallen sharply from 13.2% to 10.3%. The gap in prices between London and the rest of the country is widening. Over the last 12 months London prices have risen almost twice as fast as anywhere else. Gordon Brown's challenge of finding ways to assist first time buyers is continuing to grow. Terraced house prices rose 30% faster than other houses. Flat prices rose nearly twice as fast as semi and detached properties. |
| 590 ## - LOCAL NOTE (RLIN) | |
| Local note | KA |
| 650 24 - SUBJECT ADDED ENTRY--TOPICAL TERM | |
| Topical term or geographic name entry element | RIGHTMOVE HOUSE PRICE INDEX |
| 651 #4 - SUBJECT ADDED ENTRY--GEOGRAPHIC NAME | |
| Geographic name | United Kingdom |
| Chronological subdivision | |
| 690 ## - LOCAL SUBJECT ADDED ENTRY--TOPICAL TERM (OCLC, RLIN) | |
| Topical term or geographic name as entry element | PROPERTY-RESIDENTIAL PROPERTY-RESIDENTIAL PROPERTY MARKET |
| 856 40 - ELECTRONIC LOCATION AND ACCESS | |
| Uniform Resource Identifier | <a href="https://www.rightmove.co.uk/template/publicsite%2Caboutus%2CRTPRArchive.vm">https://www.rightmove.co.uk/template/publicsite%2Caboutus%2CRTPRArchive.vm</a> |
| Public note | View the index free of charge at www.rightmove.co.uk... |
| 942 ## - ADDED ENTRY ELEMENTS (KOHA) | |
| Suppress in OPAC | 0 |
| Withdrawn status | Lost status | Source of classification or shelving scheme | Damaged status | Not for loan | Home library | Current library | Shelving location | Date acquired | Total Checkouts | Full call number | Barcode | Date last seen | Copy number | Price effective from | Koha item type |
|---|---|---|---|---|---|---|---|---|---|---|---|---|---|---|---|
| Dewey Decimal Classification | Virtual | Virtual | Online | 30/08/2007 | ONLINE PUBLICATION | 140033-2001 | 06/08/2019 | 1 | 06/08/2019 | Book |